000 01552nac a22003971i 4500
003 EG-ScBUE
005 20241210101706.0
006 m||||fq||h 00| 0
008 241210t2004 ohua f b 001 0 eng d
020 _a0324184522
020 _a9780324184525
035 _a(DLC) 2002110226
040 _aEG-ScBUE
_beng
_erda
_cEG-ScBUE
_dEG-ScBUE
082 0 4 _a519.502855369
_bAND
_222
100 1 _aAnderson, David Ray,
_eauthor.
245 1 0 _aEssentials of modern business statistics with Microsoft Excel /
_cDavid R. Anderson, University of Cincinnati, Dennis J. Sweeney, University of Cincinnati, Thomas A. Williams, Rochester Institute of Technology.
250 _aSecond edition.
264 1 _aMason, Ohio :
_bThomson/South-Western,
_c[2004]
264 4 _cc2004
300 _axxi, 717 pages :
_billustrations ;
_c27 cm +
_e1 CD
336 _2rdacontent
_atext
_btxt
336 _2rdacontent
_asounds
_bsnd
337 _aunmediated
_2rdamedia
_bn
337 _aaudio
_2rdamedia
_bs
338 _avolume
_bnc
_2rdacarrier
338 _acomputer disc
_bcd
_2rdacarrier
500 _aRev. ed. of: Contemporary business statistics with Microsoft Excel. 1st ed. 2001.
504 _aIncludes bibliographical references and index.
650 7 _aCommercial statistics.
_2BUEsh
650 7 _aCommercial statistics
_xComputer programs.
_2BUEsh
655 _vReading book
700 1 _aSweeney, Dennis J.,
_eauthor.
700 1 _aWilliams, Thomas Arthur,
_d1944-
_eauthor.
700 1 _aAnderson, David Ray,
_d1941-
_eauthor.
942 _cBB
_2ddc
999 _c1249
_d1249